000 00975nac a22003137a 4500
001 BR0101313
003 BR-BrBNA
005 20240105122527.0
008 230509b bl.|||m| |||| 00| 0 por d
040 _aBR-BrBNA
_bpor
_cBiblioteca Nacional de Agricultura
072 _aE12
090 _aE12 BR0101313
100 1 _aBarros, R.P. de
100 1 _aCorseuil, C.H.
100 1 _aLeite, P.G.
110 1 _aInstituto de Pesquisa Economica Aplicada, Brasilia, DF (Brasil)
245 1 _aLabor market and poverty in Brazil
260 3 _aBrasilia, DF (Brasil):
_c2000.
300 _a54 p.
490 _aTexto para Discussao - Instituto de Pesquisa Economica Aplicada (Brazil)
_vno. 723
_xISSN 1415-4765
500 _aSummaries (En, Pt); 15 illus.; 18 tables
650 _aEmprego
650 _aDesemprego
650 _aMercado de Trabalho
650 _aPobreza
650 _aDemanda
909 _a202312
_bLúcia Elande
_c55
_dLúcia Elande
942 _2AGRIS
_n0
_cMS
999 _c291488
_d291488